Generator Puzzle #61 - Statistics

General Stats
  • This quiz has been taken 186 times
  • The average score is 14 of 21
Answer Stats
word % Correct
animal that roars lion
97%
home built from snow blocks igloo
95%
tropical fruit mango
95%
friend in Spanish amigo
86%
subplanet that orbits a planet moon
86%
neither am or pm noon
85%
nice car, often driven by a chauffeur limo
78%
a bean and a capital city Lima
75%
Venus de, an armless statue Milo
72%
slang for language lingo
70%
three wise biblical men Magi
69%
what is scored in many field sports goal
68%
British spelling of jail gaol
66%
water surrounded by an atoll lagoon
66%
hands, and much furniture, have them nail
66%
bird on the Canadian one-dollar coin loon
53%
9-letter word MONGOLIAN
53%
dull light, dimness gloom
41%
in name only; to do with names nominal
28%
root vegetable onion
26%
to speak harmful untruth; defame malign
20%
No matching quizzes found
Score Distribution
Percent of People with Each Score
Percentile by Number Answered
Your Score History
You have not taken this quiz